000
00313pam a2200121a 44500
008
230405s2019 xxu||||| |||| 00| 0 eng d
041
_a
ENG
100
_a
Oscar Wilde
245
_a
The Inportance of Being Earnest & other Plays
260
_a
New Delhi
_b
Rupa Publications
_c
2019
300
_a
190
906
_a
19128
999
_c
309626
_d
309626